Tratado de derecho administrativo (Registro nro. 62407)
[ vista simple ]
| 000 -ENCABEZADO | |
|---|---|
| Número de control [NR] | 01554nam a2200385Ia 4500 |
| 005 - FECHA Y HORA DE LA ÚLTIMA TRANSACCIÓN | |
| control field | 20211105120559.0 |
| 008 - DE LONGITUD FIJA DE DATOS DE ELEMENTOS - INFORMACIÓN GENERAL | |
| Elementos de longitud fija [NR] | 130821k2004 ck frn 1 spa d |
| 020 ## - NUMERO INTERNACIONAL NORMALIZADO PARA LIBROS [R] | |
| Número Internacional Normalizado del libro [NR] | 9586162885 |
| Términos de disponibilidad [NR] | V.1 |
| 020 ## - NUMERO INTERNACIONAL NORMALIZADO PARA LIBROS [R] | |
| Número Internacional Normalizado del libro [NR] | 9586165930 |
| Términos de disponibilidad [NR] | Obra Completa |
| 020 ## - NUMERO INTERNACIONAL NORMALIZADO PARA LIBROS [R] | |
| Número Internacional Normalizado del libro [NR] | 9586167097 |
| Términos de disponibilidad [NR] | V.3 |
| 020 ## - NUMERO INTERNACIONAL NORMALIZADO PARA LIBROS [R] | |
| Número Internacional Normalizado del libro [NR] | 9586167100 |
| Términos de disponibilidad [NR] | V.4 |
| 020 ## - NUMERO INTERNACIONAL NORMALIZADO PARA LIBROS [R] | |
| Número Internacional Normalizado del libro [NR] | 9789587102536 |
| 040 ## - FUENTE DE CATALOGACION [NR] | |
| Agencia de catalogación original [NR] | Co-BoUCM |
| Idioma de catalogación [NR] | spa |
| Quien Cataloga | Jose A. Gerena (modificó) |
| Quien Clasifica | [Nuevo] |
| 041 00 - CODIGO DE IDIOMA [R] | |
| Código de idioma para texto/pista de sonido o título separado [R] | Español |
| 100 1# - ASIENTO PRINCIPAL--NOMBRE PERSONAL [NR] | |
| Nombre personal [NR] | Santofimio Gamboa, Jaime Orlando |
| Fechas asociadas con el nombre [NR] | 1959- |
| ID Autoridad | 51891 |
| 245 10 - MENCION DE TITULO [NR] | |
| Título [NR] | Tratado de derecho administrativo |
| Mención de responsabilidad, etc. [NR] | Jaime Orlando Santofimio Gamboa |
| 250 ## - MENCION DE EDICION [NR] | |
| Mención de edición [NR] | 4a Ed |
| 260 ## - PUBLICACION, DISTRIBUCION, ETC. (PIE DE IMPRENTA) [R] | |
| Lugar de publicación, distribución, etc. [R] | Bogotá (Colombia) |
| Nombre del editor, distribuidor, etc. [R] | Universidad Externado de Colombia |
| Fecha de publicación, distribución, etc. [R] | 2004 |
| 300 ## - DESCRIPCION FISICA [R] | |
| Extensión [R] | Volúmenes |
| 504 ## - NOTA DE BIBLIOGRAFIA, ETC. [R] | |
| Nota de bibliografía, etc. [NR] | Incluye referencias bibliográficas e índices |
| 505 0# - NOTA DE CONTENIDO CON FORMATO PREESTABLECIDO [R] | |
| Información miscelánea [R] | V.1 |
| State manifest and birth record (1764-1977). | Introducción a los conceptos de la administración pública y el derecho administrativo |
| 505 0# - NOTA DE CONTENIDO CON FORMATO PREESTABLECIDO [R] | |
| Información miscelánea [R] | V.2 |
| State manifest and birth record (1764-1977). | Acto administrativo, procedimiento, eficacia y validez |
| 505 0# - NOTA DE CONTENIDO CON FORMATO PREESTABLECIDO [R] | |
| Información miscelánea [R] | V.3 |
| State manifest and birth record (1764-1977). | Contencioso administrativo |
| -- | ontratación indebida |
| 505 0# - NOTA DE CONTENIDO CON FORMATO PREESTABLECIDO [R] | |
| Información miscelánea [R] | V.4 |
| State manifest and birth record (1764-1977). | Contratación indebida |
| 650 17 - ASIENTO SECUNDARIO DE MATERIA - TERMINO TEMATICO [R] | |
| Término temático o nombre geográfico como elemento de entrada [NR] | Actos administrativos |
| Subdivisión geográfica [R] | Colombia |
| 9 (RLIN) | 103013 |
| 650 27 - ASIENTO SECUNDARIO DE MATERIA - TERMINO TEMATICO [R] | |
| Término temático o nombre geográfico como elemento de entrada [NR] | Administración pública |
| 9 (RLIN) | 355 |
| 650 27 - ASIENTO SECUNDARIO DE MATERIA - TERMINO TEMATICO [R] | |
| Término temático o nombre geográfico como elemento de entrada [NR] | Derecho administrativo |
| 9 (RLIN) | 12695 |
| 650 27 - ASIENTO SECUNDARIO DE MATERIA - TERMINO TEMATICO [R] | |
| Término temático o nombre geográfico como elemento de entrada [NR] | Derecho administrativo |
| Subdivisión geográfica [R] | Colombia |
| 9 (RLIN) | 31733 |
| 650 27 - ASIENTO SECUNDARIO DE MATERIA - TERMINO TEMATICO [R] | |
| Término temático o nombre geográfico como elemento de entrada [NR] | Procedimiento administrativo |
| Subdivisión geográfica [R] | Colombia |
| 9 (RLIN) | 35079 |
| 651 #4 - ASIENTO SECUNDARIO DE MATERIA - NOMBRE GEOGRAFICO [R] | |
| Nombre geográfico [NR] | Colombia |
| Subdivisión general [R] | Administración pública |
| 9 (RLIN) | 27454 |
| 690 ## - ASUNTO AGREGADO LOCAL DE ENTRADA - TÉRMINO TEMÁTICO (OCLC, RLIN) | |
| Acceso temático local | Derecho administrativo |
| 9 (RLIN) | 12695 |
| 710 2# - ASIENTO SECUNDARIO - NOMBRE CORPORATIVO [R] | |
| Nombre corporativo o de jurisdicción como elemento de entrada [NR] | Universidad Externado de Colombia |
| 9 (RLIN) | 3812 |
| 942 ## - ELEMENTOS DE ENTRADA AGREGADOS (KOHA) | |
| Tipo de ítem principal el descrito en 300a | Libro |
| Tema principal | Derecho |
| Edición | 4 |
| Parte restante de la signatura top. | S237t |
| Sistema de clasificación | DEWEY |
| Clasificación | 342.06 |
| Título oculto en OPAC | No |
| Fecha de último préstamo | Total préstamos | Total Renewals | Signatura topográfica | Código de barras | Última vez visto | Volúmen / Fascículo | Ejemplar | Price effective from | Tipo de ítem | Perdido | Sistema de clasificación | Dañado | No prestable | Tipo de ítem específico | Suprimido | Ubicación habitual | Ubicación actual | Localización | Fecha de creación | Forma de adquisición | Costo | Costo de reposición | Proveedor |
|---|---|---|---|---|---|---|---|---|---|---|---|---|---|---|---|---|---|---|---|---|---|---|---|
| 05/02/2020 | 166 | 8 | 342.06 S237t | 100048683 | 11/06/2026 | 1a.Ed V.1 1996 | Ej.1 | 03/02/2013 | Libro | DEWEY | Libro | Claustro | Claustro | 3er piso | 28/02/2003 | Compra | 10000.00 | ||||||
| 02/08/2019 | 186 | 3 | 342.06 S237t | 100049172 | 11/06/2026 | 1a.Ed. V.1 1996 | Ej.2 | 03/02/2013 | Libro | DEWEY | Libro | Claustro | Claustro | 3er piso | 28/02/2003 | Compra | 37500.00 | ||||||
| 16/03/2018 | 229 | 7 | 342.06 S237t | 100076624 | 11/06/2026 | 3a.Ed. V.2 1998 | Ej.2 | 03/02/2013 | Libro | DEWEY | Libro | Claustro | Claustro | 3er piso | 28/02/2003 | Compra | 37500.00 | ||||||
| 11/03/2020 | 212 | 8 | 342.06 S237t | 100071893 | 11/06/2026 | 2a.Ed. V.1 2002 | Ej.1 | 03/02/2013 | Libro | DEWEY | Libro | Claustro | Claustro | 3er piso | 28/02/2005 | Compra | 26000.00 | ||||||
| 11/03/2020 | 61 | 10 | 342.06 S237t | 100111989 | 05/12/2025 | 3a.Ed. V.1 | Ej.10 | 03/02/2013 | Libro | DEWEY | Libro | Claustro | Claustro | 3er piso | 28/02/2013 | Compra | 72000.00 | ||||||
| 10/03/2020 | 69 | 23 | 342.06 S237t | 100111990 | 11/06/2026 | 3a.Ed. V.1 2003 | Ej.9 | 03/02/2013 | Libro | DEWEY | Libro | Claustro | Claustro | 3er piso | 28/02/2013 | Compra | 72000.00 | ||||||
| 24/09/2021 | 68 | 19 | 342.06 S273t | 100111991 | 11/06/2026 | 3a.Ed. V.1 2003 | Ej.8 | 03/02/2013 | Libro | DEWEY | Libro | Claustro | Claustro | 3er piso | 28/02/2013 | Compra | 72000.00 | ||||||
| 17/09/2022 | 101 | 24 | 342.06 S237t | 100104052 | 05/12/2025 | 3a.Ed. V.1 2003 | Ej.6 | 03/02/2013 | Libro | DEWEY | Libro | Claustro | Claustro | 3er piso | 30/09/2010 | Compra | 61200.00 | ||||||
| 30/07/2010 | 12 | 342.06 S237t | 100064871 | 11/06/2026 | 3a.Ed. V.1 2003 | Ej.1 | 03/02/2013 | Libro de reserva | DEWEY | Libro de reserva | Claustro | Claustro | 3er piso | 30/09/2003 | Compra | 62000.00 | |||||||
| 10/08/2022 | 181 | 11 | 342.06 S237t | 100042379 | 11/06/2026 | 3a.Ed. V.1 2003 | Ej.5 | 03/02/2013 | Libro | DEWEY | Libro | Claustro | Claustro | 3er piso | 30/09/2003 | Compra | 318560.00 | ||||||
| 11/02/2020 | 149 | 35 | 342.06 S237t | 100104415 | 16/01/2026 | 4a.Ed. V.2 2003 | Ej.4 | 03/02/2013 | Libro | DEWEY | Libro | Claustro | Claustro | 3er piso | 30/09/2010 | Compra | 191000.00 | ||||||
| 13/10/2022 | 169 | 24 | 342.06 S237t | 100100460 | 05/12/2025 | 4a.Ed. V.2 2003 | Ej.3 | 03/02/2013 | Libro | DEWEY | Libro | Claustro | Claustro | 3er piso | 28/02/2013 | Compra | 79000.00 | ||||||
| 19/09/2018 | 35 | 342.06 S237t | 100064870 | 05/12/2025 | 4a.Ed. V.2 2003 | Ej.1 | 03/02/2013 | Libro de reserva | DEWEY | Libro de reserva | Claustro | Claustro | 3er piso | 30/09/2003 | Compra | 62000.00 | |||||||
| 20/05/2025 | 239 | 12 | 342.06 S237t | 100075146 | 11/06/2026 | 4a.Ed. V.2 | Ej.2 | 03/02/2013 | Libro | DEWEY | Libro | Claustro | Claustro | 3er piso | 30/09/2005 | Compra | 318560.00 | ||||||
| 05/02/2024 | 37 | 17 | 342.06 S237t | 100123585 | 05/12/2025 | V.3 2004 | Ej.5 | 03/02/2013 | Libro | DEWEY | Libro | Claustro | Claustro | 3er piso | 30/09/2012 | Compra | 26000.00 | ||||||
| 24/09/2021 | 19 | 3 | 342.06 S237t | 100100462 | 05/12/2025 | V.4 2004 | Ej.2 | 03/02/2013 | Libro | DEWEY | Libro | Claustro | Claustro | 3er piso | 28/02/2013 | Compra | 94000.00 | ||||||
| 06/10/2018 | 35 | 1 | 342.06 S237t | 100100463 | 11/06/2026 | V.4 2004 | Ej.3 | 03/02/2013 | Libro | DEWEY | Libro | Claustro | Claustro | 3er piso | 28/02/2013 | Compra | 94000.00 | ||||||
| 09/02/2024 | 90 | 5 | 342.06 S237t | 100100461 | 11/06/2026 | V.3 2004 | Ej.3 | 03/02/2013 | Libro | DEWEY | Libro | Claustro | Claustro | 3er piso | 28/02/2013 | Compra | 120000.00 | ||||||
| 10/12/2018 | 30 | 6 | 342.06 S237t | 100105150 | 05/12/2025 | V.4 2004 | Ej.4 | 03/02/2013 | Libro | DEWEY | Libro | Claustro | Claustro | 3er piso | 30/09/2010 | Compra | 85000.00 | ||||||
| 17/05/2012 | 12 | 342.06 S237t | 100075147 | 11/06/2026 | V.3 2004 | Ej.1 | 03/02/2013 | Libro | DEWEY | Libro | Claustro | Claustro | 3er piso | 30/09/2005 | Compra | 318560.00 | |||||||
| 13/08/2021 | 9 | 342.06 S237t | 100075148 | 05/12/2025 | V.4 2004 | Ej.1 | 03/02/2013 | Libro | DEWEY | Libro | Claustro | Claustro | 3er piso | 30/09/2005 | Compra | 318560.00 | |||||||
| 01/10/2019 | 15 | 15 | 342.06 S237t | 100144193 | 05/12/2025 | V.3 2004 | Ej.6 | 22/11/2013 | Libro | DEWEY | Libro | Claustro | Claustro | 3er piso | 22/11/2013 | Donación | 0.00 | 26000.00 | 12 | ||||
| 20/05/2025 | 33 | 26 | 342.06 S237t | 100141198 | 05/12/2025 | 1a.Ed V.1 | Ej.5 | 13/03/2014 | Libro | DEWEY | Libro | Claustro | Claustro | 3er piso | 13/03/2014 | Donación | 0.00 | 26000.00 | 12 | ||||
| 342.06 S237t | 100160798 | 06/12/2024 | 3a.Ed V.1 1998 | Ej.1 | 28/05/2019 | Libro | DEWEY | Libro | BodegaJK | Claustro | Préstamo 2 días después de solicitado | 28/05/2019 | Donación | 0.00 | 26000.00 | 12 | |||||||
| 342.06 S237t | 100160799 | 06/12/2024 | 3a.Ed V.2 1998 | Ej.3 | 28/05/2019 | Libro | DEWEY | Libro | BodegaJK | Claustro | Préstamo 2 días después de solicitado | 28/05/2019 | Donación | 0.00 | 26000.00 | 12 | |||||||
| 342.06 S237t | 100160831 | 06/12/2024 | 4a.Ed.V.4 | Ej.7 | 30/05/2019 | Libro | DEWEY | Libro | BodegaJK | Claustro | Préstamo 2 días después de solicitado | 30/05/2019 | Donación | 0.00 | 26000.00 | 12 | |||||||
| 342.06 S237t | 100160830 | 06/12/2024 | 4a.Ed.V.2 | Ej.6 | 30/05/2019 | Libro | DEWEY | Libro | BodegaJK | Claustro | Préstamo 2 días después de solicitado | 30/05/2019 | Donación | 0.00 | 26000.00 | 12 | |||||||
| 342.06 S237t | 100160829 | 06/12/2024 | 4a.Ed.V.1 | Ej.5 | 30/05/2019 | Libro | DEWEY | Libro | BodegaJK | Claustro | Préstamo 2 días después de solicitado | 30/05/2019 | Donación | 0.00 | 26000.00 | 12 | |||||||
| 342.06 S237t | 100162463 | 06/12/2024 | 2a.Ed V.1 2002 | Ej.2 | 22/07/2019 | Libro | DEWEY | Libro | BodegaJK | Claustro | Préstamo 2 días después de solicitado | 22/07/2019 | Donación | 0.00 | 26000.00 | 12 |